000 00454nam a2200121Ia 4500
008 171212s9999 xx 000 0 und d
020 _a9780833042149
100 _aDavis, Paul K.;Shaver, Russell D.;Beck, Justin
245 _cDavis, Paul K.;Shaver, Russell D.;Beck, Justin
_aPortfolio-Analysis Methods for Assessing Capability Options
260 _bRAND Corporation
_c2008
650 _aPolitical Science
856 _uwww.jstor.org/stable/10.7249/mg662osd
999 _c352413
_d352413